LEADER 01064cam0-22003371i-450- 001 990004880580403321 005 20121005123044.0 035 $a000488058 035 $aFED01000488058 035 $a(Aleph)000488058FED01 035 $a000488058 100 $a19990604d1969----km-y0itay50------ba 101 0 $aeng 102 $aUS 105 $aa-------001yy 200 1 $aCritics of the italian world$e1530-1560$fAnton Francesco Doni, Nicoló Franco e Ortensio Lando$gby Paul F. Grendler 210 $aMadison$cThe University of Wisconsin press$d1969 215 $aXIII, 282 p.$cill.$d25 cm 610 0 $aFranco, Nicolò 610 0 $aDoni, Anton Francesco 610 0 $aLando, Ortensio 676 $a801.950945 700 1$aGrendler,$bPaul Frederick$f<1936- >$0158129 801 0$aIT$bUNINA$gRICA$2UNIMARC 901 $aBK 912 $a990004880580403321 952 $a801.9509 GRE 1$bIst.f.m.15945$fFLFBC 952 $a801.9509 GRE 1BIS$bIst.st.med.mod.6636$fFLFBC 959 $aFLFBC 996 $aCritics of the Italian world$9133745 997 $aUNINA LEADER 01318nam0 22003371i 450 001 SUN0007629 005 20050819120000.0 010 $a88-420-4333-8 020 $aIT$b94 3499 100 $a20020826d1993 |0itac50 ba 101 $aita 102 $aIT 105 $a|||| ||||| 200 1 $aDa Mosca$ealle origini di un colpo di Stato annunciato$fGiulietto Chiesa$gcon un saggio di Gavrijl Popov 210 $aRoma$cLaterza$d1993 215 $aXV, 168 p.$d21 cm. 606 $aUnione Sovietica$xPolitica$x1991$2FI$3SUNC004553 620 $dRoma$3SUNL000360 676 $a947.0854$v21 700 1$aChiesa$b, Giulietto$3SUNV005677$0139936 702 1$aPopov$b, Gavriil H.$3SUNV006318 712 $aLaterza$3SUNV000002$4650 790 1$aPopov, Gavrijl$zPopov, Gavriil H.$3SUNV006319 790 1$aPopov, Gavriil Haritonovic$zPopov, Gavriil H.$3SUNV061006 790 1$aPopov, G. H.$zPopov, Gavriil H.$3SUNV061007 801 $aIT$bSOL$c20181109$gRICA 912 $aSUN0007629 950 $aUFFICIO DI BIBLIOTECA DEL DIPARTIMENTO DI GIURISPRUDENZA$d00 CONS XIII.Eb.2 $e00 8597 995 $aUFFICIO DI BIBLIOTECA DEL DIPARTIMENTO DI GIURISPRUDENZA$h8597$kCONS XIII.Eb.2$op$qa 996 $aDa Mosca$91438659 997 $aUNICAMPANIA